000 00669nam a2200193Ia 4500
003 GCL
008 140319s9999 xx 000 0 ara d
040 _aGCL /
_cGCL
082 0 4 _a320.56
_bن م
100 1 _aنتنياهو, بنيامين
245 1 0 _aمكان بين الامم : اسرائيل والعالم /
_cنتنياهو, بنيامين
700 1 _aمحمد عودة الدويرى (مترجم)
700 1 _aكلثوم السعدى
300 _a420 ص
490 _aالهيئة العامة للاستعلامات
_v0
650 0 4 _aاسرائيل - الاحوال السياسية
650 0 4 _aالصهيونية - تاريخ
942 _2ddc
_cBK
999 _c49126
_d49126